Quick Pick: Sensory Loss Quiz Stats

 Plays Quiz Updated Aug 2, 2019

Score 0/5 Timer 00:30
2 Plays Today
% Correct
Deafness
98.9%
Blindness
98.8%
Anosmia
76.7%
Anaphia
75.3%
Ageusia
55.1%

Today's Daily Dose

Missing Word
Celine Dion

Word Ladder
Dr. Seuss Books

Quick Pick
Cities in India

Get the Picture
'A' Actresses

You're not logged in!

Compare scores with friends on all Sporcle quizzes.
OR
Log In

Sporcle TV

Today on Sporcle TV


Watch our educational content, quiz creation guides, and fun videos on Sporcle TV.

Show Comments

Extras

Top Quizzes Today


Score Distribution

Your Account Isn't Verified!

In order to create a playlist on Sporcle, you need to verify the email address you used during registration. Go to your Sporcle Settings to finish the process.

Report this User

Report this user for behavior that violates our Community Guidelines.

Details: